000 01185cam a2200325 i 4500
999 _c47878
_d47878
001 47878
003 Mx-PuUPA
005 20240410104031.0
008 140415s2003 sp d 000 0 spa d
020 _a8480888628
040 _aMx-PuUPA
_bspa
_cMx-PuUPA
_dMx-PuUPA
_erda
041 1 _aspa
_heng
100 1 _aLeppard, John,
_eautor
_96643
240 1 _aAuditing your customer service.
_lEspañol
245 1 0 _aCómo mejorar su servicio al cliente /
_cJohn Leppard, Liz Molyneux ; traducción, Aida Santapau
264 4 _aBarcelona :
_bEdiciones Gestión,
_c2003
300 _a166 páginas :
_bgráficas ;
_c23 cm
336 _atexto
_2rdacontent
_btxt
337 _asin medio
_2rdamedia
_bn
338 _avolumen
_2rdacarrier
_bnc
650 4 _aServicios al cliente
_xAdministración
650 4 _aAdministración de empresas
650 4 _aAuditoria
700 1 _aMolyneux, Liz,
_eautor
700 1 _aSantapau, Aida,
_etraductor
765 1 8 _aLeppard, John,
_d[Lugar de publicación no identificada] : International Thomson Publishing, 1994
_tAuditing your customer service.
942 _2ddc
_cLI
_h658.812
_iLEP